Introduction to plant anatomy / (Record no. 15308)

MARC details
000 -LEADER
fixed length control field 00812nam a22002297a 4500
005 - DATE AND TIME OF LATEST TRANSACTION
control field 2008090307237.0
008 - FIXED-LENGTH DATA ELEMENTS--GENERAL INFORMATION
fixed length control field 080903t xxu||||| |||| 00| 0 eng d
010 ## - LCCN (DPL NO)
LC control number ENG-90891
020 ## - INTERNATIONAL STANDARD BOOK NUMBER
International Standard Book Number 9788178803784
Terms of availability 750.00
035 ## - SYSTEM CONTROL NUMBER
System control number EN-74424
037 ## - SOURCE OF ACQUISITION
Source of stock number/acquisition DBAD / PUB
040 ## - CATALOGING SOURCE
Original cataloging agency DPL
Language of cataloging English
082 ## - DEWEY DECIMAL CLASSIFICATION NUMBER
Classification number 581.4
100 ## - MAIN ENTRY--PERSONAL NAME
Personal name Menan, A.B.
245 ## - TITLE STATEMENT
Title Introduction to plant anatomy /
Statement of responsibility, etc by A.B. Manan
260 ## - PUBLICATION, DISTRIBUTION, ETC. (IMPRINT)
Place of publication, distribution, etc New Delhi
Name of publisher, distributor, etc Rajat Publications
Date of publication, distribution, etc 2008
270 ## - ADDRESS
Address 4675/21, Ansari Raod, Darya Ganj,
City New Delhi
Postal code 110002
300 ## - PHYSICAL DESCRIPTION
Extent vii, 298p.:
Dimensions 23 cm (Hb)
Other physical details ill.
650 ## - SUBJECT ADDED ENTRY--TOPICAL TERM
Topical term or geographic name as entry element plant anatomy
942 ## - ADDED ENTRY ELEMENTS (KOHA)
Source of classification or shelving scheme Dewey Decimal Classification
Item type English Books
Call number suffix MEN
Classification part 581.4
Holdings
Withdrawn status Lost status Damaged status Not for loan Collection code Home library Current library Date acquired Cost, normal purchase price Total Checkouts Full call number Barcode Date last seen Copy number Cost, replacement price Koha item type
      Not For Loan Non-fiction D.B.Act.Division D.B.Act.Division 03/09/2008 750.00   581.4 MEN EN-74424 15/09/2008 1 750.00 English Books

© Delhi Public Library
Hit Counter
free hit counter